000 00545nam a2200145Ia 4500
008 231129s2011||||xx |||||||||||||| ||spa||
020 _a978-958-753-039-1
040 _bspa
082 _a788.5 R763e
100 _aRomero Garay Omar
245 0 _aEscuela de flautas y tambores. Macizo. Tierradentro. Guambí­a. Popayán. Guachavés. Rí­o Napi. Riosucio: Música andinas del suroccidente colombiano. Cartilla de iniciación musical
260 _c2011
264 _aMinisterio de Cultura
942 _2ddc
_cBKS
999 _c13375
_d13375